Normal view
MARC view
- Czinkota,Michael R/ llkka A. Ronkainen
Entry Personal Name
001 - CONTROL NUMBER
- control field: 1790
003 - CONTROL NUMBER IDENTIFIER
- control field: JO-AjAnu
005 - DATE AND TIME OF LATEST TRANSACTION
- control field: 20230606070609.0
008 - FIXED-LENGTH DATA ELEMENTS
- fixed length control field: 230606|| aca||aabn | a|a d
040 ## - CATALOGING SOURCE
- Original cataloging agency: JO-AjAnu
- Transcribing agency: JO-AjAnu
100 ## - HEADING--PERSONAL NAME
- Personal name: Czinkota,Michael R/ llkka A. Ronkainen
670 ## - SOURCE DATA FOUND
- Source citation: Work cat.: (JO-AjAnu)943: Czinkota,Michael R/ llkka A. Ronkainen, author, international marketing